[Event "Wch Juvenil 2010 sub18"]
[Site "Porto Carras GRE"]
[Date "2010.10.24"]
[Round "6.17"]
[White "Arslanov, Shamil"]
[Black "Nuber, Blasius"]
[Result "1/2-1/2"]
[WhiteElo "2383"]
[BlackElo "2243"]
[PlyCount "76"]
[EventDate "2010.10.20"]
[EventType "swiss"]
[EventRounds "11"]
[EventCountry "GRE"]
[Source "lmi"]
[SourceDate "2010.10.20"]

1. e4 e5 2. Nf3 Nc6 3. d4 exd4 4. Nxd4 Qf6 5. Nxc6 Bc5 6. Qf3 Qxf3 7. gxf3 bxc6
8. Nd2 Ne7 9. Nb3 Bb6 10. a4 a5 11. Be3 d5 12. O-O-O Bxe3+ 13. fxe3 dxe4 14.
fxe4 O-O 15. Rg1 f6 16. Nc5 Ng6 17. Nd7 Bxd7 18. Rxd7 Rad8 19. Rxc7 Rc8 20.
Bc4+ Kh8 21. Rxc8 Rxc8 22. Rd1 Ne5 23. Be2 Kg8 24. c3 Kf7 25. b4 axb4 26. cxb4
Ra8 27. a5 Ke7 28. Kc2 c5 29. a6 cxb4 30. Kb3 Rb8 31. Bc4 Nxc4 32. Kxc4 b3 33.
Kc5 b2 34. Rb1 Rb3 35. a7 Ra3 36. Kb6 Rb3+ 37. Ka6 Ra3+ 38. Kb7 Rb3+ 1/2-1/2

[Event "Wch Juvenil 2010 sub18"]
[Site "Porto Carras GRE"]
[Date "2010.10.24"]
[Round "6.18"]
[White "Petenyi, Tamas"]
[Black "Dilanyan, Grigor"]
[Result "0-1"]
[WhiteElo "2378"]
[BlackElo "2245"]
[PlyCount "114"]
[EventDate "2010.10.20"]
[EventType "swiss"]
[EventRounds "11"]
[EventCountry "GRE"]
[Source "lmi"]
[SourceDate "2010.10.20"]

1. e4 e5 2. Nf3 Nf6 3. Nxe5 d6 4. Nc4 Nxe4 5. Qe2 Qe7 6. d4 Nc6 7. c3 d5 8. Ne3
Be6 9. Nd2 Nd6 10. g3 O-O-O 11. Bg2 Nf5 12. Ndf1 Nfxd4 13. cxd4 Nxd4 14. Qd3
Nc6 15. Nd2 Nb4 16. Qa3 d4 17. Qxa7 c6 18. Qa8+ Kc7 19. Qa5+ Kc8 20. Qa8+ Kc7
21. Qa5+ Kb8 22. O-O dxe3 23. Ne4 exf2+ 24. Kh1 Nd5 25. Rxf2 Qc7 26. Qxc7+ Kxc7
27. Ng5 Bc5 28. Rf1 Rd7 29. Nxe6+ fxe6 30. Bh3 Re8 31. Bd2 h6 32. Rae1 Rde7 33.
a3 Bd4 34. b4 e5 35. Bf5 Ra8 36. Rf3 Rf7 37. Ref1 Bb2 38. Be6 Re7 39. Rf7 Kd6
40. Bg4 Rxa3 41. Rf8 Rd3 42. R1f2 Bd4 43. Re2 Kc7 44. Bf5 Rb3 45. g4 Be3 46.
Be1 g5 47. Rh8 e4 48. Bg3+ Kb6 49. Re1 Bf4 50. Bf2+ e3 51. Bg1 Kb5 52. Rxh6
Kxb4 53. h4 gxh4 54. Rh8 e2 55. g5 Bg3 56. Rc1 e1=Q 57. Rxe1 Rxe1 0-1

[Event "Wch Juvenil 2010 sub18"]
[Site "Porto Carras GRE"]
[Date "2010.10.26"]
[Round "7.1"]
[White "Ter-Sahakyan, Samvel"]
[Black "Arribas Lopez, Angel"]
[Result "1-0"]
[WhiteElo "2516"]
[BlackElo "2454"]
[PlyCount "83"]
[EventDate "2010.10.20"]
[EventType "swiss"]
[EventRounds "11"]
[EventCountry "GRE"]
[Source "lmi"]
[SourceDate "2010.10.20"]

1. e4 c5 2. Nf3 d6 3. d4 cxd4 4. Nxd4 Nf6 5. Nc3 a6 6. Bg5 e6 7. f4 Qc7 8. Bxf6
gxf6 9. Qd2 Nc6 10. O-O-O Bd7 11. Bc4 Na5 12. Bb3 Rc8 13. Kb1 b5 14. Rhf1 Be7
15. f5 Nc4 16. Qd3 b4 17. fxe6 fxe6 18. Nce2 e5 19. Nf5 Bxf5 20. Rxf5 Qc5 21.
Ba4+ Kd8 22. Nf4 exf4 23. Rxc5 Rxc5 24. Bb3 Ne3 25. Rd2 Kc7 26. Rf2 f5 27. Rxf4
Bg5 28. Qxe3 Re8 29. g3 Bxf4 30. Qxf4 Rxe4 31. Qf2 a5 32. a4 bxa3 33. bxa3 a4
34. Bg8 h6 35. Qd2 h5 36. Bd5 Re8 37. c4 Rb8+ 38. Ka2 Re8 39. Qd1 Ra5 40. Qxh5
Re7 41. Qxf5 Ra6 42. Qf2 1-0

[Event "Wch Juvenil 2010 sub18"]
[Site "Porto Carras GRE"]
[Date "2010.10.26"]
[Round "7.2"]
[White "Alonso Rosell, Alvar"]
[Black "Zierk, Steven C"]
[Result "1/2-1/2"]
[WhiteElo "2485"]
[BlackElo "2391"]
[PlyCount "87"]
[EventDate "2010.10.20"]
[EventType "swiss"]
[EventRounds "11"]
[EventCountry "GRE"]
[Source "lmi"]
[SourceDate "2010.10.20"]

1. d4 d5 2. c4 c6 3. Nf3 Nf6 4. Nc3 dxc4 5. a4 Bf5 6. Nh4 Bd7 7. e4 e6 8. Bxc4
Nxe4 9. Nxe4 Qxh4 10. Qf3 Bb4+ 11. Kf1 f5 12. Ng5 Qxd4 13. Qh5+ g6 14. Qe2 Na6
15. Nxe6 Qe4 16. Qxe4 fxe4 17. Bxa6 bxa6 18. Nc7+ Kf7 19. Nxa8 Rxa8 20. Be3 Be6
21. Rc1 Bd5 22. Ke2 Bd6 23. Rc2 Ke6 24. h4 Bb3 25. Rxc6 Bxa4 26. Rhc1 Bb5+ 27.
Kd1 Bxc6 28. Rxc6 Kd5 29. Rxa6 Be5 30. Ra5+ Ke6 31. Ra6+ Kd5 32. b3 Rb8 33.
Rxa7 Rxb3 34. Rxh7 Rb1+ 35. Kc2 Rb2+ 36. Kc1 Ra2 37. g3 Kc4 38. Re7 Bc3 39. Ra7
Re2 40. Rc7+ Kb3 41. Rb7+ Kc4 42. Rd7 Kb3 43. Rb7+ Kc4 44. Rc7+ 1/2-1/2

[Event "Wch Juvenil 2010 sub18"]
[Site "Porto Carras GRE"]
[Date "2010.10.26"]
[Round "7.3"]
[White "Baron, Tal"]
[Black "Sethuraman, S P."]
[Result "1-0"]
[WhiteElo "2455"]
[BlackElo "2535"]
[PlyCount "121"]
[EventDate "2010.10.20"]
[EventType "swiss"]
[EventRounds "11"]
[EventCountry "GRE"]
[Source "lmi"]
[SourceDate "2010.10.20"]

1. d4 Nf6 2. c4 e6 3. Nc3 d5 4. cxd5 exd5 5. Bg5 Be7 6. e3 c6 7. Bd3 Nbd7 8.
Nge2 O-O 9. O-O Re8 10. Qc2 h6 11. Bf4 Nf8 12. Rab1 a5 13. Kh1 Bd6 14. Na4 Rb8
15. Nc5 b6 16. Na4 Ne6 17. Bg3 c5 18. dxc5 bxc5 19. Bf5 Ba6 20. Rfe1 Bxe2 21.
Rxe2 Bxg3 22. hxg3 Rc8 23. Rd1 Qc7 24. Nc3 Rcd8 25. Red2 Qe5 26. f4 Qd6 27.
Nxd5 Nxd5 28. Rxd5 Qxd5 29. Rxd5 Rxd5 30. Be4 Rd6 31. Qa4 Rb8 32. b3 Rd1+ 33.
Kh2 Re1 34. Qxa5 Rxe3 35. Bd5 Re2 36. Bc4 Re4 37. f5 Ng5 38. Qxc5 Rd8 39. Qa5
Rde8 40. a4 R4e5 41. Qc7 R8e7 42. Qd6 Ne4 43. Qd8+ Re8 44. Qd7 R8e7 45. Qd4 Nf6
46. g4 Re4 47. Qd8+ Re8 48. Qc7 R4e7 49. Qd6 Nxg4+ 50. Kg3 h5 51. Kh4 Re1 52.
a5 Nf6 53. Bd5 R1e5 54. Bc6 R8e7 55. a6 Re1 56. a7 Rh1+ 57. Kg5 Nh7+ 58. Kf4
Rf1+ 59. Bf3 Re8 60. Qb8 Nf6 61. Qxe8+ 1-0

[Event "Wch Juvenil 2010 sub18"]
[Site "Porto Carras GRE"]
[Date "2010.10.26"]
[Round "7.4"]
[White "Terry, Renato"]
[Black "Grandelius, Nils"]
[Result "1/2-1/2"]
[WhiteElo "2434"]
[BlackElo "2500"]
[PlyCount "86"]
[EventDate "2010.10.20"]
[EventType "swiss"]
[EventRounds "11"]
[EventCountry "GRE"]
[Source "lmi"]
[SourceDate "2010.10.20"]

1. d4 Nf6 2. Nf3 g6 3. Bg5 Bg7 4. Nbd2 O-O 5. c3 d5 6. e3 Nbd7 7. Be2 Re8 8.
O-O e5 9. Bh4 c6 10. b4 h6 11. h3 Qe7 12. Re1 a5 13. bxa5 Rxa5 14. a4 Qf8 15.
Bg3 Ne4 16. Nxe4 dxe4 17. Nd2 f5 18. Bh2 Kh7 19. Bf1 Ra8 20. Rb1 exd4 21. cxd4
Nf6 22. Nc4 Nd5 23. Bd6 Qf7 24. Qc2 Rd8 25. Be5 Bf8 26. Nb6 Nxb6 27. Rxb6 Ra7
28. Bb8 Ra8 29. Bc4 Qe7 30. Be5 Bg7 31. Bxg7 Kxg7 32. Ba2 h5 33. Rd1 Kh6 34. d5
Ra5 35. Qc3 Rc5 36. Qb4 cxd5 37. Rb5 Rc7 38. Qxe7 Rxe7 39. Rdxd5 Rxd5 40. Bxd5
h4 41. Kh2 Rc7 42. g3 Bd7 43. Rxb7 Rxb7 1/2-1/2

[Event "Wch Juvenil 2010 sub18"]
[Site "Porto Carras GRE"]
[Date "2010.10.26"]
[Round "7.5"]
[White "Belous, Vladimir"]
[Black "Anwesh, Upadhyaya"]
[Result "1/2-1/2"]
[WhiteElo "2498"]
[BlackElo "2420"]
[PlyCount "97"]
[EventDate "2010.10.20"]
[EventType "swiss"]
[EventRounds "11"]
[EventCountry "GRE"]
[Source "lmi"]
[SourceDate "2010.10.20"]

1. d4 d5 2. c4 c6 3. Nf3 Nf6 4. Nc3 e6 5. Bg5 h6 6. Bxf6 Qxf6 7. e3 Nd7 8. Rc1
Qd8 9. cxd5 exd5 10. Bd3 Bd6 11. Bb1 O-O 12. a3 Re8 13. O-O Nf6 14. h3 Ne4 15.
Nxe4 dxe4 16. Nd2 Qh4 17. f4 exf3 18. Rxf3 Qe7 19. Qc2 g6 20. Rcf1 f5 21. e4
Qg7 22. Qc3 c5 23. exf5 Qxd4+ 24. Qxd4 cxd4 25. fxg6 Be6 26. Rf6 Kg7 27. Rxe6
Rxe6 28. Rf7+ Kg8 29. Rxb7 Re7 30. Rxe7 Bxe7 31. Kf2 Rb8 32. Nc4 Kg7 33. Bd3
Rf8+ 34. Ke2 h5 35. Be4 h4 36. b4 Rc8 37. Kd3 Bf6 38. a4 Be7 39. b5 Bc5 40. Ne5
Rd8 41. a5 Kf6 42. Nf3 Bb4 43. a6 Bc5 44. Nxh4 Bb6 45. g3 Rc8 46. Bc6 Rh8 47.
Be4 Rc8 48. Ke2 Re8 49. Kd3 1/2-1/2

[Event "Wch Juvenil 2010 sub18"]
[Site "Porto Carras GRE"]
[Date "2010.10.26"]
[Round "7.7"]
[White "Shimanov, Aleksandr"]
[Black "Iljiushenok, Ilia"]
[Result "1-0"]
[WhiteElo "2512"]
[BlackElo "2412"]
[PlyCount "73"]
[EventDate "2010.10.20"]
[EventType "swiss"]
[EventRounds "11"]
[EventCountry "GRE"]
[Source "lmi"]
[SourceDate "2010.10.20"]

1. d4 c5 2. d5 d6 3. Nf3 g6 4. c4 Bg7 5. g3 e6 6. Bg2 exd5 7. cxd5 Nh6 8. O-O
O-O 9. Nc3 a6 10. a4 Nd7 11. Nd2 f5 12. Nc4 Nb6 13. Na3 Bd7 14. a5 Nc8 15. Nc4
Ng4 16. Bf4 Qe7 17. e4 g5 18. exf5 Bxf5 19. Bd2 Bd4 20. Ne4 h6 21. Ra3 Nxh2 22.
Re1 Bg4 23. Qc1 Nf3+ 24. Bxf3 Bxf3 25. Nxg5 Qg7 26. Nxf3 Qxg3+ 27. Kh1 Bxf2 28.
Ng5 Qg4 29. Re4 Qf5 30. Rf3 Qxd5 31. Qc3 hxg5 32. Rxf8+ Kxf8 33. Qf6+ Kg8 34.
Qg6+ Kh8 35. Bc3+ Bd4 36. Bxd4+ cxd4 37. Kg1 1-0

[Event "Wch Juvenil 2010 sub18"]
[Site "Porto Carras GRE"]
[Date "2010.10.26"]
[Round "7.8"]
[White "Mammadov, Ayaz Arzu"]
[Black "Salem, A."]
[Result "0-1"]
[WhiteElo "2358"]
[BlackElo "2501"]
[PlyCount "64"]
[EventDate "2010.10.20"]
[EventType "swiss"]
[EventRounds "11"]
[EventCountry "GRE"]
[Source "lmi"]
[SourceDate "2010.10.20"]

1. e4 c5 2. Nf3 d6 3. Bb5+ Nd7 4. d4 cxd4 5. Qxd4 Ngf6 6. Nc3 e5 7. Qd3 h6 8.
Be3 Be7 9. Bc4 a6 10. a4 O-O 11. O-O Kh7 12. a5 Qc7 13. b4 b5 14. axb6 Nxb6 15.
Bxb6 Qxb6 16. b5 axb5 17. Rxa8 bxc4 18. Qe3 Qc6 19. Ra7 Bd8 20. Raa1 Bb6 21.
Qe2 Bd4 22. Ra3 Be6 23. Nd2 Rb8 24. h3 Rb2 25. Rc1 Qc5 26. Ndb1 Rxb1 27. Nxb1
Bb2 28. Rd1 Bxa3 29. Nxa3 Qxa3 30. f3 Nh5 31. Qd2 Nf4 32. Qxd6 Qe3+ 0-1

[Event "Wch Juvenil 2010 sub18"]
[Site "Porto Carras GRE"]
[Date "2010.10.26"]
[Round "7.9"]
[White "Dilanyan, Grigor"]
[Black "Cruz, Cristhian"]
[Result "1/2-1/2"]
[WhiteElo "2245"]
[BlackElo "2497"]
[PlyCount "150"]
[EventDate "2010.10.20"]
[EventType "swiss"]
[EventRounds "11"]
[EventCountry "GRE"]
[Source "lmi"]
[SourceDate "2010.10.20"]

1. d4 e6 2. Nf3 Nf6 3. g3 c5 4. Bg2 cxd4 5. Nxd4 d5 6. c4 Nc6 7. O-O Be7 8. Nc3
O-O 9. cxd5 exd5 10. Bf4 Bg4 11. Qa4 Qd7 12. Rfd1 Rac8 13. Nb3 Qe6 14. Nxd5
Nxd5 15. Bxd5 Qf6 16. Qb5 Nb4 17. Bxb7 Rc2 18. f3 Be6 19. Nd4 Bc5 20. e3 a6 21.
Qa5 Rc4 22. b3 Rxd4 23. Qxc5 Rxd1+ 24. Rxd1 Nxa2 25. Be5 Qg5 26. Bd6 Qxc5 27.
Bxc5 Rb8 28. b4 Nxb4 29. Bxb4 f6 30. Rd6 Rxb7 31. Rxe6 Rxb4 32. Rxa6 Rb2 33.
Ra1 Re2 34. e4 Kf7 35. Rf1 g5 36. Rf2 Re1+ 37. Kg2 h5 38. Ra2 g4 39. Kf2 Rb1
40. fxg4 hxg4 41. Ke3 Rf1 42. Rb2 Rf3+ 43. Kd4 Ra3 44. Rb7+ Kg6 45. Rb8 Kg7 46.
Rb2 Kg6 47. Rc2 Kg5 48. Rc8 Ra4+ 49. Kd5 Ra5+ 50. Kd6 Ra6+ 51. Kd7 Ra7+ 52. Kd6
Ra6+ 53. Kc5 Ra5+ 54. Kb4 Ra7 55. Rg8+ Kh5 56. Kc4 Rd7 57. Kc3 Rd1 58. Rg7 Rd8
59. Ra7 Kg6 60. Ra6 Kg5 61. Ra5+ Kg6 62. Rd5 Rc8+ 63. Kd2 Rh8 64. Ke3 Rxh2 65.
Kf4 Re2 66. Rd8 Re1 67. Rg8+ Kf7 68. Rxg4 Rf1+ 69. Ke3 Re1+ 70. Kf2 Ra1 71. Rf4
Ke6 72. Kf3 Ra3+ 73. Kg4 Re3 74. Kh4 Ke5 75. Rf5+ Ke6 1/2-1/2

[Event "Wch Juvenil 2010 sub18"]
[Site "Porto Carras GRE"]
[Date "2010.10.26"]
[Round "7.10"]
[White "Danilenko, Dmitriy"]
[Black "Durarbeyli, Vasif"]
[Result "1/2-1/2"]
[WhiteElo "2307"]
[BlackElo "2495"]
[PlyCount "119"]
[EventDate "2010.10.20"]
[EventType "swiss"]
[EventRounds "11"]
[EventCountry "GRE"]
[Source "lmi"]
[SourceDate "2010.10.20"]

1. e4 c5 2. Nf3 d6 3. d4 Nf6 4. dxc5 Nxe4 5. cxd6 Nc6 6. Be3 Nxd6 7. Nc3 Bg4 8.
h3 Bxf3 9. Qxf3 g6 10. O-O-O Bg7 11. Nb5 O-O 12. Nxd6 exd6 13. Kb1 Qc7 14. c3
a6 15. Qd5 Rad8 16. Be2 Rfe8 17. Rhe1 Ne7 18. Qc4 Qb8 19. Bb6 Rc8 20. Qd3 Rc6
21. Be3 Nf5 22. Bf3 Rcc8 23. Bg4 Re5 24. Bxf5 Rxf5 25. Qxd6 Qa8 26. Rd5 Rxd5
27. Qxd5 Rd8 28. Qf3 Qc8 29. Rd1 Rxd1+ 30. Qxd1 Qf5+ 31. Kc1 h5 32. Qf3 Qb5 33.
g4 h4 34. a4 Qxa4 35. Qxb7 Qc4 36. Kd2 Qf1 37. Qa8+ Kh7 38. Qf3 Qb1 39. Qb7 a5
40. Bd4 Bxd4 41. cxd4 Kg7 42. Qb5 a4 43. Qe5+ Kh7 44. d5 Qa2 45. Ke3 a3 46.
bxa3 Qxa3+ 47. Kf4 Qxh3 48. Qf6 Qh2+ 49. Kg5 Qc7 50. d6 Qb7 51. Kxh4 Qh1+ 52.
Kg3 Qg1+ 53. Kf3 Qd1+ 54. Kf4 Qc1+ 55. Ke4 Qb1+ 56. Ke3 Qe1+ 57. Kf3 Qd1+ 58.
Kf4 Qc1+ 59. Kg3 Qg1+ 60. Kh3 1/2-1/2

[Event "Wch Juvenil 2010 sub18"]
[Site "Porto Carras GRE"]
[Date "2010.10.26"]
[Round "7.11"]
[White "Nitin, S."]
[Black "Priyadharshan, K."]
[Result "0-1"]
[WhiteElo "2413"]
[BlackElo "2357"]
[PlyCount "94"]
[EventDate "2010.10.20"]
[EventType "swiss"]
[EventRounds "11"]
[EventCountry "GRE"]
[Source "lmi"]
[SourceDate "2010.10.20"]

1. e4 c5 2. Nf3 d6 3. d4 cxd4 4. Nxd4 Nf6 5. Nc3 a6 6. Be3 e5 7. Nb3 Be7 8. Qd2
Ng4 9. Nd5 Nxe3 10. Qxe3 O-O 11. Bc4 Nd7 12. Nxe7+ Qxe7 13. O-O-O Nf6 14. f3 b5
15. Bd5 Nxd5 16. exd5 Qc7 17. g4 f5 18. h3 Bd7 19. Rhg1 Rac8 20. Rg2 a5 21. Kb1
fxg4 22. hxg4 Be8 23. Rdd2 Bg6 24. Rgf2 a4 25. Nc1 Qc4 26. a3 b4 27. axb4 Qxb4
28. Ka1 Rb8 29. c3 Qc4 30. f4 Rxf4 31. Rxf4 Qxf4 32. Qxf4 exf4 33. Rf2 Rf8 34.
Ne2 f3 35. Nd4 Be4 36. c4 Rc8 37. Nc6 Kf7 38. Ka2 g5 39. Rh2 h5 40. Na7 Rxc4
41. Nb5 Bxd5 42. Nxd6+ Ke6 43. Nxc4 Bxc4+ 44. Ka3 hxg4 45. Kb4 Be2 46. Rh6+ Kf5
47. Rh8 g3 0-1

[Event "Wch Juvenil 2010 sub18"]
[Site "Porto Carras GRE"]
[Date "2010.10.26"]
[Round "7.14"]
[White "Lovik, Lasse Ostebo"]
[Black "Sieciechowicz, Marcin"]
[Result "1/2-1/2"]
[WhiteElo "2298"]
[BlackElo "2443"]
[PlyCount "114"]
[EventDate "2010.10.20"]
[EventType "swiss"]
[EventRounds "11"]
[EventCountry "GRE"]
[Source "lmi"]
[SourceDate "2010.10.20"]

1. d4 d5 2. c4 e6 3. Nc3 c6 4. Nf3 Nf6 5. Bg5 h6 6. Bxf6 Qxf6 7. e3 Nd7 8. Bd3
g6 9. O-O dxc4 10. Bxc4 Bg7 11. e4 e5 12. d5 Nb6 13. Bb3 Bg4 14. Rc1 Bxf3 15.
Qxf3 Qxf3 16. gxf3 Ke7 17. Na4 Rac8 18. Nc5 Rc7 19. dxc6 bxc6 20. Rfd1 h5 21.
Na6 Rcc8 22. Nb4 c5 23. Nd5+ Nxd5 24. Rxd5 Rhd8 25. Rdxc5 Rxc5 26. Rxc5 Rd7 27.
Bd5 Kd8 28. Rc6 h4 29. Kg2 Bh6 30. b4 Bf4 31. Rc2 Rc7 32. Bc6 Rc8 33. a4 Kc7
34. h3 Kd6 35. b5 a6 36. Rb2 axb5 37. Bxb5 Ra8 38. Rc2 Ra7 39. Kf1 Rc7 40. Ra2
Kc5 41. Bd3 Kb4 42. a5 Rc1+ 43. Ke2 Kb3 44. Bb1 Rxb1 45. a6 Kxa2 46. a7 Rb2+
47. Kf1 Rb1+ 48. Kg2 g5 49. a8=Q+ Kb2 50. Qb7+ Kc2 51. Qxf7 Rc1 52. Qc4+ Kb2
53. Qd3 Rb1 54. Qb5+ Kc2 55. Qc4+ Kb2 56. Qb4+ Ka2 57. Qa3+ Kxa3 1/2-1/2

[Event "Wch Juvenil 2010 sub18"]
[Site "Porto Carras GRE"]
[Date "2010.10.26"]
[Round "7.15"]
[White "Radusinovic, Lazar"]
[Black "Kanmazalp, Ogulcan"]
[Result "1/2-1/2"]
[WhiteElo "2257"]
[BlackElo "2411"]
[PlyCount "32"]
[EventDate "2010.10.20"]
[EventType "swiss"]
[EventRounds "11"]
[EventCountry "GRE"]
[Source "lmi"]
[SourceDate "2010.10.20"]

1. d4 Nf6 2. Nf3 g6 3. c4 Bg7 4. g3 O-O 5. Bg2 d6 6. O-O c5 7. dxc5 dxc5 8. Ne5
Nfd7 9. Nd3 Nc6 10. Nc3 Nde5 11. Nxc5 Qxd1 12. Rxd1 Nxc4 13. Bd5 Nb6 14. Bg2
Nc4 15. Bd5 Nb6 16. Bg2 Nc4 1/2-1/2

[Event "Wch Juvenil 2010 sub18"]
[Site "Porto Carras GRE"]
[Date "2010.10.26"]
[Round "7.16"]
[White "Kanarek, Marcel"]
[Black "Lozhnikov, Vyacheslav"]
[Result "1-0"]
[WhiteElo "2401"]
[BlackElo "2288"]
[PlyCount "69"]
[EventDate "2010.10.20"]
[EventType "swiss"]
[EventRounds "11"]
[EventCountry "GRE"]
[Source "lmi"]
[SourceDate "2010.10.20"]

1. e4 c5 2. Nf3 d6 3. d4 cxd4 4. Nxd4 Nf6 5. Nc3 a6 6. Bg5 e6 7. f4 Be7 8. Qf3
Qc7 9. O-O-O Nbd7 10. g4 b5 11. Bxf6 Nxf6 12. g5 Nd7 13. f5 Bxg5+ 14. Kb1 O-O
15. fxe6 Nb6 16. Bh3 Bf6 17. Rhg1 Bxd4 18. Rxd4 fxe6 19. Qg3 Nc4 20. b3 Ne5 21.
Rxd6 Nf3 22. Rd8 Qxc3 23. Rxf8+ Kxf8 24. Rf1 Kg8 25. Rxf3 Qc6 26. Rc3 Qe8 27.
Rc7 Qf8 28. Qc3 Kh8 29. Qc6 Rb8 30. e5 h6 31. a3 a5 32. Qd6 Qg8 33. Ra7 Bb7 34.
Bxe6 Qe8 35. Bd7 1-0

[Event "Wch Juvenil 2010 sub18"]
[Site "Porto Carras GRE"]
[Date "2010.10.26"]
[Round "7.17"]
[White "Nuri, Kambez"]
[Black "Arslanov, Shamil"]
[Result "1-0"]
[WhiteElo "2280"]
[BlackElo "2383"]
[PlyCount "101"]
[EventDate "2010.10.20"]
[EventType "swiss"]
[EventRounds "11"]
[EventCountry "GRE"]
[Source "lmi"]
[SourceDate "2010.10.20"]

1. e4 e6 2. d4 d5 3. Nc3 Bb4 4. e5 c5 5. Bd2 Nh6 6. a3 Bxc3 7. Bxc3 cxd4 8.
Qxd4 O-O 9. Qf4 b6 10. O-O-O Ba6 11. Bd3 Bxd3 12. Rxd3 Nd7 13. g4 f6 14. exf6
Nxf6 15. g5 Nfg4 16. Bf6 Nxf6 17. gxh6 Ne4 18. Qg4 Qf6 19. hxg7 Qh6+ 20. Kb1
Rf4 21. Qh3 Qxh3 22. Nxh3 Rxf2 23. Nxf2 Nxf2 24. Rc1 Nxd3 25. cxd3 Kxg7 26.
Rc7+ Kg6 27. Re7 Kf5 28. Rxh7 Rc8 29. Rxa7 e5 30. Rd7 d4 31. Rf7+ Ke6 32. Rf2
e4 33. Rf4 exd3 34. Rxd4 Rh8 35. Rxd3 Rxh2 36. Rb3 Kd5 37. Rxb6 Kc4 38. Ka2 Kc5
39. Rb8 Kc4 40. a4 Rh7 41. Rb3 Rg7 42. Rh3 Kb4 43. Rh4+ Ka5 44. Ka3 Rg3+ 45. b3
Rf3 46. Rh5+ Kb6 47. Rb5+ Ka6 48. Rh5 Kb6 49. a5+ Kc6 50. Rh4 Rf7 51. Ra4 1-0

[Event "Wch Juvenil 2010 sub18"]
[Site "Porto Carras GRE"]
[Date "2010.10.26"]
[Round "7.18"]
[White "De, Arco Luis Carlos"]
[Black "Swayams, Mishra"]
[Result "1/2-1/2"]
[WhiteElo "2218"]
[BlackElo "2377"]
[PlyCount "92"]
[EventDate "2010.10.20"]
[EventType "swiss"]
[EventRounds "11"]
[EventCountry "GRE"]
[Source "lmi"]
[SourceDate "2010.10.20"]

1. e4 e6 2. d4 d5 3. Nd2 Nf6 4. e5 Nfd7 5. Bd3 c5 6. c3 Nc6 7. Ne2 cxd4 8. cxd4
f6 9. exf6 Nxf6 10. O-O Bd6 11. Nf3 Qc7 12. Bg5 O-O 13. Bh4 e5 14. dxe5 Nxe5
15. Nxe5 Bxe5 16. Bg3 Bxg3 17. hxg3 Bg4 18. Qa4 Qb6 19. Qb5 Qxb5 20. Bxb5 a6
21. Bd3 Bxe2 22. Bxe2 Kf7 23. Bd3 Ke6 24. f3 Kd6 25. g4 g6 26. Rfd1 Rac8 27.
Rd2 Rfd8 28. Kf2 Rc7 29. g5 Nd7 30. Rad1 Nb6 31. f4 Rdc8 32. g4 Rc1 33. f5 Rxd1
34. Rxd1 Na4 35. Rd2 Nc5 36. Bc2 Ke5 37. Ke3 gxf5 38. gxf5 Rg8 39. g6 hxg6 40.
fxg6 Ne6 41. Rg2 Rh8 42. Kd2 Rg8 43. Re2+ Kd6 44. Rf2 Rg7 45. Rh2 Ke5 46. Rh5+
Kd6 1/2-1/2

[Event "Wch Juvenil 2010 sub18"]
[Site "Porto Carras GRE"]
[Date "2010.10.27"]
[Round "8.2"]
[White "Zierk, Steven C"]
[Black "Mazur, Stefan"]
[Result "1-0"]
[WhiteElo "2391"]
[BlackElo "2402"]
[PlyCount "121"]
[EventDate "2010.10.20"]
[EventType "swiss"]
[EventRounds "11"]
[EventCountry "GRE"]
[Source "lmi"]
[SourceDate "2010.10.20"]

1. e4 c5 2. Nf3 d6 3. d4 cxd4 4. Nxd4 Nf6 5. Nc3 Nc6 6. Bc4 e6 7. Be3 Be7 8.
Qe2 a6 9. O-O O-O 10. Rad1 Qc7 11. a4 Ne5 12. Bb3 Bd7 13. f4 Nc6 14. f5 e5 15.
Nxc6 Bxc6 16. Bg5 Ne8 17. Bc1 Qd8 18. Nd5 Bxd5 19. Bxd5 Rb8 20. Be3 Bg5 21. Ba7
Ra8 22. Qf2 Nf6 23. Bb6 Qe7 24. Qf3 Rac8 25. Qb3 Nd7 26. Bf2 Nc5 27. Qa3 Qd7
28. a5 Qb5 29. c4 Qd7 30. b4 Qa4 31. Qc3 Qb3 32. Rd3 Qxc3 33. Rxc3 Nd7 34. Bxb7
Rc7 35. Bxa6 Bd2 36. Rb3 Rb8 37. Bb5 Nf6 38. Bb6 Rcc8 39. Ba6 Re8 40. Rfb1 Nxe4
41. Rd3 Bc3 42. Rb3 Ba1 43. Bb5 Rec8 44. Ra3 Bb2 45. Ra2 Bd4+ 46. Bxd4 Rxb5 47.
Re3 Rxb4 48. Rxe4 Rbxc4 49. a6 exd4 50. a7 Ra8 51. Re8+ Rxe8 52. a8=Q Rc1+ 53.
Kf2 Rc2+ 54. Kg3 Rc3+ 55. Kh4 Rce3 56. Qb7 g6 57. Ra7 Rf8 58. fxg6 hxg6 59. Qd5
d3 60. Rd7 Re2 61. Rxd6 1-0

[Event "Wch Juvenil 2010 sub18"]
[Site "Porto Carras GRE"]
[Date "2010.10.27"]
[Round "8.4"]
[White "Anwesh, Upadhyaya"]
[Black "Salem, A."]
[Result "1-0"]
[WhiteElo "2420"]
[BlackElo "2501"]
[PlyCount "79"]
[EventDate "2010.10.20"]
[EventType "swiss"]
[EventRounds "11"]
[EventCountry "GRE"]
[Source "lmi"]
[SourceDate "2010.10.20"]

1. e4 c5 2. Nf3 d6 3. d4 cxd4 4. Nxd4 Nf6 5. Nc3 Nc6 6. Bg5 Qa5 7. Bb5 Bd7 8.
Nb3 Qc7 9. O-O e6 10. a4 Be7 11. Qd2 a6 12. Be2 Rd8 13. a5 Bc8 14. Be3 Qb8 15.
Bb6 Rd7 16. Rad1 O-O 17. Qe3 Re8 18. f4 Bf8 19. Rd2 g6 20. Qg3 Bg7 21. Qh4 Rde7
22. Rxd6 Nd7 23. e5 Nxb6 24. axb6 Nb4 25. Ne4 Nd5 26. Rd1 Bd7 27. c4 Ba4 28.
Rd3 Bxb3 29. Rxb3 f5 30. Ng5 h6 31. cxd5 hxg5 32. Qxg5 exd5 33. Qxg6 Kf8 34.
Bh5 Rc8 35. Rf6+ Kg8 36. h3 Kh8 37. Rg3 Rc1+ 38. Kh2 Qc8 39. Bf3 Rc6 40. Qh5+
1-0

[Event "Wch Juvenil 2010 sub18"]
[Site "Porto Carras GRE"]
[Date "2010.10.27"]
[Round "8.6"]
[White "Priyadharshan, K."]
[Black "Belous, Vladimir"]
[Result "1/2-1/2"]
[WhiteElo "2357"]
[BlackElo "2498"]
[PlyCount "161"]
[EventDate "2010.10.20"]
[EventType "swiss"]
[EventRounds "11"]
[EventCountry "GRE"]
[Source "lmi"]
[SourceDate "2010.10.20"]

1. e4 c5 2. Nf3 Nc6 3. d4 cxd4 4. Nxd4 e5 5. Nb5 d6 6. N1c3 a6 7. Na3 b5 8. Nd5
Nce7 9. Bg5 f6 10. Be3 Nxd5 11. Qxd5 Rb8 12. Qb3 Bb7 13. f3 d5 14. Rd1 Ne7 15.
exd5 Bxd5 16. c4 bxc4 17. Qa4+ Qd7 18. Qxd7+ Kxd7 19. Bxc4 Ke6 20. f4 Bxc4 21.
Nxc4 Nf5 22. Ke2 Nd6 23. b3 Nb5 24. Rc1 Bb4 25. Kf2 Rhd8 26. Rhd1 Rxd1 27. Rxd1
Nc3 28. Ra1 Nd5 29. fxe5 fxe5 30. Ke2 Rd8 31. Bd2 Bxd2 32. Kxd2 Nb6+ 33. Ke3
Nd5+ 34. Kd2 Rf8 35. Ke2 Rf4 36. Rc1 Re4+ 37. Kf3 Rf4+ 38. Ke2 Rh4 39. Rh1 Nc3+
40. Kf2 Rf4+ 41. Ke3 Nxa2 42. Ra1 Nb4 43. Ra5 Rf5 44. g3 Kf6 45. Ke4 Rf2 46.
Ra4 a5 47. Rxa5 Rxh2 48. Rb5 Nc2 49. Rxe5 Re2+ 50. Kf4 Rf2+ 51. Ke4 g6 52. Ra5
Re2+ 53. Kf4 Nd4 54. Ra6+ Kg7 55. g4 Re7 56. b4 Nb5 57. Rb6 Nc3 58. Kf3 Rf7+
59. Kg2 Kh6 60. Ne5 Rc7 61. Rc6 Rxc6 62. Nxc6 Kg5 63. Kf3 Nb5 64. Kg3 Kf6 65.
Kf4 Nc3 66. g5+ Ke6 67. Nd4+ Kd6 68. b5 Na4 69. Nb3 Kd5 70. Nd2 Nc5 71. b6 Ne6+
72. Kg4 Kc6 73. Nc4 Nd8 74. Ne5+ Kd6 75. Nc4+ Kc6 76. Ne5+ Kxb6 77. Nd7+ Ka7
78. Nf8 Nf7 79. Nxh7 Nxg5 80. Kxg5 Ka8 81. Kxg6 1/2-1/2

[Event "Wch Juvenil 2010 sub18"]
[Site "Porto Carras GRE"]
[Date "2010.10.27"]
[Round "8.8"]
[White "Cruz, Cristhian"]
[Black "Klein, David"]
[Result "1-0"]
[WhiteElo "2497"]
[BlackElo "2299"]
[PlyCount "71"]
[EventDate "2010.10.20"]
[EventType "swiss"]
[EventRounds "11"]
[EventCountry "GRE"]
[Source "lmi"]
[SourceDate "2010.10.20"]

1. d4 e6 2. c4 b6 3. Nc3 Bb7 4. a3 f5 5. d5 Nf6 6. g3 Be7 7. Bg2 O-O 8. Nh3 Qc8
9. O-O Re8 10. e4 fxe4 11. Ng5 b5 12. dxe6 bxc4 13. exd7 Nbxd7 14. Bh3 h6 15.
Be6+ Kh8 16. Ncxe4 Bc6 17. Nf7+ Kh7 18. Neg5+ hxg5 19. Nxg5+ Kh8 20. Nf7+ Kh7
21. Ng5+ Kh8 22. Qd4 g6 23. Nf7+ Kg7 24. Bh6+ Kh7 25. Rae1 Bc5 26. Qh4 Nh5 27.
Bf5 Rxe1 28. Qxh5 Ne5 29. Bf8+ Kg8 30. Qh8+ Kxf7 31. Qg7+ Ke8 32. Rxe1 Bxf2+
33. Kf1 Bg2+ 34. Kxg2 Qb7+ 35. Kh3 Bxe1 36. Qe7# 1-0